|
|
|
|
| LEADER |
00000nam a2200000Ii 4500 |
| 001 |
DIGEGALES0275 |
| 003 |
NyNyDIG |
| 006 |
m o d |
| 007 |
cr ||||||||||| |
| 008 |
250707s2014 sp ao o 000 0 spa d |
| 035 |
|
|
|a (OCoLC)1527023071
|
| 040 |
|
|
|a DGITA
|b eng
|e rda
|e pn
|c DGITA
|
| 020 |
|
|
|a 9788416491162
|q eBook
|
| 020 |
|
|
|z 9788415899518
|
| 041 |
1 |
|
|a spa
|h eng
|
| 050 |
1 |
4 |
|a HQ76.25 ebook
|
| 100 |
1 |
|
|a Edelman, Lee,
|d 1953-
|e author.
|
| 240 |
1 |
0 |
|a No future.
|l Spanish
|s (Sáez and Baschuk)
|
| 245 |
1 |
0 |
|a No al futuro :
|b la teoría queer y la pulsión de muerte /
|c Lee Edelman ; traducido por Javier Sáez y Adriana Baschuk.
|
| 246 |
3 |
0 |
|a Teoría queer y la pulsión de muerte
|
| 264 |
|
1 |
|a Barcelona ;
|a Madrid :
|b Editorial Egales,
|c [2014]
|
| 300 |
|
|
|a 1 online resource :
|b illustrations, photographs.
|
| 336 |
|
|
|a text
|b txt
|2 rdacontent
|
| 337 |
|
|
|a computer
|b c
|2 rdamedia
|
| 338 |
|
|
|a online resource
|b cr
|2 rdacarrier
|
| 347 |
|
|
|a text file
|2 rdaft
|
| 347 |
|
|
|b EPUB
|
| 490 |
1 |
|
|a G
|
| 588 |
0 |
|
|a Online resource; title from ePub title page (Digitalia, viewed July 7, 2025)
|
| 650 |
|
0 |
|a Homosexuality
|x Philosophy.
|
| 650 |
|
0 |
|a Homosexuality
|x Political aspects.
|
| 650 |
|
0 |
|a Queer theory.
|
| 700 |
1 |
|
|a Sáez, Javier,
|e translator.
|
| 700 |
1 |
|
|a Baschuk, Adriana,
|e translator.
|
| 700 |
1 |
|
|i Translation of:
|a Edelman, Lee,
|d 1953-
|t No future.
|
| 791 |
2 |
|
|a Digitalia (Firm),
|e distributor.
|
| 793 |
0 |
|
|g Digitalia eBook Collection:
|a Editorial Egales
|
| 776 |
0 |
8 |
|i Print version:
|a Edelman, Lee, 1953-
|s No future. Spanish (Sáez and Baschuk).
|t No al futuro.
|d Barcelona ; Madrid : Editorial Egales, [2014]
|z 9788415899518
|
| 830 |
|
0 |
|a Colección G.
|
| 856 |
4 |
0 |
|3 Digitalia Hispánica
|u https://www.digitaliapublishing.com/a/175327/
|
| 910 |
|
|
|a Premium collection: 2025
|